Nice digs, shame about the service (Record no. 75283)

MARC details
000 -LEADER
fixed length control field 00854cab a2200181 4500
001 - CONTROL NUMBER
control field L129808
008 - FIXED-LENGTH DATA ELEMENTS--GENERAL INFORMATION
fixed length control field 050523n2005 000 0 eng u
035 ## - SYSTEM CONTROL NUMBER
System control number (Sirsi) u129808
041 ## - LANGUAGE CODE
Language code of text/sound track or separate title eng
100 ## - MAIN ENTRY--PERSONAL NAME
Personal name Tinworth, Adam
245 ## - TITLE STATEMENT
Title Nice digs, shame about the service
260 ## - PUBLICATION, DISTRIBUTION, ETC.
Date of publication, distribution, etc. 2005
490 ## - SERIES STATEMENT
Series statement Estates Gazette
Volume/sequential designation (0519) 14 May 2005, 56-58(3)
520 ## - SUMMARY, ETC.
Summary, etc. BCO research shows that the property industrial is failing to respond to the needs and business realities of office tenants with occupiers both dissatisfied with the service being offered and prepared to move their staff overseas. Discusses the findings of the survey and the fact that only one out 100 respondents praised their landlords. Includes charts and graphs of the key findings.
590 ## - LOCAL NOTE (RLIN)
Local note IKA070605
690 ## - LOCAL SUBJECT ADDED ENTRY--TOPICAL TERM (OCLC, RLIN)
Topical term or geographic name as entry element PROPERTY-COMMERCIAL PROPERTY-OFFICE PROPERTY
942 ## - ADDED ENTRY ELEMENTS (KOHA)
Suppress in OPAC 0
Holdings
Withdrawn status Lost status Source of classification or shelving scheme Damaged status Not for loan Home library Current library Shelving location Date acquired Total Checkouts Full call number Barcode Date last seen Copy number Price effective from Koha item type
    Dewey Decimal Classification     London London Journal article 23/05/2005   L129808 129808-1001 06/08/2019 1 06/08/2019 Journal article